000
00338nam a22001577a 4500
003
SGT
020
_a
9789356962866
082
_a
301
_b
A24S
100
_a
SREEVANI, R.
245
_a
APPLIED SOCIOLOGY FOR NURSES
250
_a
2ND
260
_a
INDIA
_b
JAYPEE PUB
_c
2024
300
_a
260
650
_a
SOCIOLOGY
942
_2
ddc
_c
BK
_0
46
999
_c
27263
_d
27263